000 00738cam a22002413a 4500
001 8568
003 PGUSA
005 20140828083201.0
008 050701s2005||||xxu|||||s|||||000 | eng d
040 _aPGUSA
_beng
042 _adc
050 4 _aPT
100 1 _aGrillparzer, Franz,
_d1791-1872
245 1 0 _aDes Meeres und der Liebe Wellen :
_bTrauerspiel in fünf Aufzügen
_h[electronic resource] /
_cFranz Grillparzer
260 _bProject Gutenberg,
_c2005
506 _aPublic domain in the USA.
516 _aElectronic text
653 _aLeander (Greek mythology) -- Drama
653 _aHero (Greek mythology) -- Drama
830 0 _aProject Gutenberg
_v8568
856 4 0 _uhttp://www.gutenberg.org/ebooks/8568
942 _cEB
999 _c237868
_d237868